Le droit de la santé en schémas (notice n° 1511588)

détails MARC
000 -LEADER
fixed length control field 01161cam a2200133 4500500
005 - DATE AND TIME OF LATEST TRANSACTION
control field 20251012000638.0
041 ## - LANGUAGE CODE
Language code of text/sound track or separate title fre
042 ## - AUTHENTICATION CODE
Authentication code dc
100 10 - MAIN ENTRY--PERSONAL NAME
Personal name Bouabdallah, Safia
Relator term author
245 00 - TITLE STATEMENT
Title Le droit de la santé en schémas
260 ## - PUBLICATION, DISTRIBUTION, ETC.
Name of publisher, distributor, etc. Ellipses,<br/>
Date of publication, distribution, etc. 2022.<br/>
520 ## - SUMMARY, ETC.
Summary, etc. L’objectif de la collection "Le droit en schémas" est de proposer des ouvrages facilitant la compréhension et la mémorisation des questions juridiques. Chaque question est ainsi envisagée selon deux approches juxtaposées : - le cours traditionnel en page de gauche, - des schémas en page de droite. Très didactique, ce manuel de droit de la santé a été conçu à partir de trois choix méthodologiques : - la mise en avant des distinctions fondamentales, - la reprise des mêmes problèmes sous des angles différents, - un effort de mise en perspective afin de faciliter la réflexion et la compréhension des continuités et des ruptures. Il est destiné : - aux étudiants en Master de droit, - aux étudiants en Médecine.
856 41 - ELECTRONIC LOCATION AND ACCESS
Uniform Resource Identifier <a href="https://shs.cairn.info/le-droit-de-la-sante-en-schemas--9782340070448?lang=fr&redirect-ssocas=7080">https://shs.cairn.info/le-droit-de-la-sante-en-schemas--9782340070448?lang=fr&redirect-ssocas=7080</a>

Pas d'exemplaire disponible.

PLUDOC

PLUDOC est la plateforme unique et centralisée de gestion des bibliothèques physiques et numériques de Guinée administré par le CEDUST. Elle est la plus grande base de données de ressources documentaires pour les Étudiants, Enseignants chercheurs et Chercheurs de Guinée.

Adresse

627 919 101/664 919 101

25 boulevard du commerce
Kaloum, Conakry, Guinée

Réseaux sociaux

Powered by Netsen Group @ 2025